000 01171nam a2200265Ia 4500
003 OSt
005 20220923211310.0
006 a|||||r|||| 00| 0
007 ta
008 220922b |||||||| |||| 00| 0 hin d
020 _a9788179755297 (hbk)
_c300
024 _a285,336
037 _b26, 02/02/2015, P. K. Books
_cTextual
040 _aARTS
_cARTS
_bhin
041 _2hin
_ahin
082 _aO157,1M61x, 152Q4
100 _aबेनीपुरी, महेन्द्र, संपा.
245 0 _aरवीन्द्र भारती
_b रवीन्द्रनाथ ठाकुर की श्रेष्ठ कविताओं का अनुवाद
246 _aRavīndra bhāratī: ravīndranāth ṭhākur kī shreṣhṭha kavitāoan kā anuvāda
260 _aनई दिल्ली
_b अनामिका पब्लिर्शस
_c2014
300 _a95पृ.
_ccm.
650 _aबंगाली साहित्य
_9156264
942 _hO157,1M61x, 152Q4
_cTEXL
_2CC
999 _c298229
_d298229